000 00637nam a22002297a 4500
003 UA-OsUOA
001 51865
007 ta
008 20141030b un ||||| |||| 00| 0 ukr d
100 _aПанченко О.
090 _a929
_bП16
942 _cBK
040 _aUA-OsUOA
_bukr
_cUA-OsUOA
_dUA-OsUOA
245 _aМирослав Прокоп
_bНарис політичного портрету
300 _a208 с.; іл. с.
955 _a1
041 _aukr
080 _a929
260 _aГадяч
_bВ-во "Гадяч"
_c2001
650 7 _a9 Географія. Біографії. Історія
_2UDC
999 _c431989
_d431989